|
|
|
|
| LEADER |
01084nam a2200241 a 4500 |
| 001 |
GR-Antirio676 |
| 008 |
090320s2005 gr b 001 0 gre d |
| 020 |
|
|
|a 0470022779
|
| 040 |
|
|
|a GrPaTEI
|b gre
|c GR-PaULI
|
| 040 |
|
|
|a GrPaTEI
|b gre
|c GR-PaULI
|
| 040 |
|
|
|a GrPaTEI
|b gre
|c GR-PaULI
|
| 082 |
|
0 |
|a 621.384
|2 22
|
| 100 |
0 |
|
|a Perez-Romero, Jordi
|
| 245 |
1 |
0 |
|a Radio resource management strategies in UMTS /
|c Peraz-Romero, Jordi...[et. al. ].
|
| 260 |
|
|
|a Chichester, England , Hoboken, NJ. :
|b John Wiley & Sons,
|c c 2005
|
| 300 |
|
|
|a xvii. , 345 σ. :
|b εικ. ;
|c 26 εκ.
|
| 504 |
|
|
|a Περιλαμβάνει βιβλιογραφίες και ευρετήριο.
|
| 650 |
|
0 |
|a RADIO RESOURCE MANAGEMENT(WIRELESS COMMUNICATIONS)
|
| 650 |
|
0 |
|a UNIVERSAL MOBILE TELECOMMUNICATIONS SYSTEM
|
| 942 |
|
|
|2 ddc
|
| 952 |
|
|
|0 0
|1 0
|2 ddc
|4 0
|6 621_384000000000000_PER
|7 0
|9 261972
|a LISK-2
|b LISK-2
|c BSC
|d 2021-01-17
|e 24
|f 0
|g 0.00
|l 0
|o 621.384 PER
|p 2430000006894
|r 2021-01-17 00:00:00
|t 1
|w 2021-01-17
|y BK15
|x 20090320 0 1
|x GrPaTEI - Antirrio
|
| 971 |
|
|
|a .b25704758
|b 01-10-20
|c 12-09-16
|
| 999 |
|
|
|c 151126
|d 151126
|